'Pale Blue Dot' by Carl Sagan Quiz Stats

 Plays Quiz Updated Apr 22, 2018

Also try: Map of the Moon
Challenge
Share
Tweet
Score 0/40 Timer 10:00
0 Plays Today
% Correct
Earth
93.1%
heard
78.1%
love
77.2%
lives
76.6%
mother
73.2%
hero
69.9%
dot
69.8%
life
66.6%
blood
65.6%
Universe
63%
home
62.9%
kill
61.5%
future
61.2%
politician
59.4%
world
59.2%
cosmic
56.5%
human
56.3%
ourselves
56%
leader
54.8%
moment
53.3%
% Correct
glory
45.8%
importance
44.8%
migrate
41.5%
pale
41%
fraction
40.2%
vastness
39.5%
species
35.7%
civilization
33.1%
teacher
32.5%
ideologies
32.1%
speck
32.1%
astronomy
31.4%
Settle
28.9%
responsibility
28.4%
inhabitants
27.7%
corner
27.6%
sunbeam
23%
cherish
20.9%
different
11.8%
pixel
10.8%

You're not logged in!

Compare scores with friends on all Sporcle quizzes.
Join for Free
OR
Log In

You Might Also Like...

Show Comments

Extras

Top Quizzes Today


Score Distribution

Your Account Isn't Verified!

In order to create a playlist on Sporcle, you need to verify the email address you used during registration. Go to your Sporcle Settings to finish the process.

Report this User

Report this user for behavior that violates our Community Guidelines.

Details: